[Event "U.S. Women's Championship"]
[Site "St Louis"]
[Date "2022.10.18"]
[Round "12.6"]
[White "Yu, Jennifer"]
[Black "Krush, Irina"]
[Result "0-1"]
[WhiteElo "2297"]
[BlackElo "2432"]
[EventDate "2022.??.??"]
[Annotator "Bojkov,Dejan"]
[PlyCount "76"]
[Beauty "7767045705227"]
[EventCountry "USA"]

1.d4 Nf6 2.c4 c5 3.d5 g6 4.Nc3 Bg7 {Krush does not hide her intentions. This is a must-win situation for her, the color of the pieces does not matter.} 5.e4 d6 6.f4 {Nor does Yu hide her intentions. She is transposing into the Four Pawns Attack, one of the most aggressive ways to fight the KID.} 6...O-O 7.Nf3 e6 8.dxe6 fxe6 9.Be2 ( {A more common development is} 9.Bd3 {as preferred by the modern specialist of the line, Pavel Ponkratov. White is overprotecting the center and intends to launch a quick kingside attack. A typical development then is} 9...b6 10.O-O Bb7 11.Qe1 Nc6 12.Ng5 Qd7 13.Qh4 h6 14.Nf3 Rae8 15.Bd2 Nh5 $1 {when the direct} 16.f5 {led White to promising complications after} 16...Ne5 $1 17.fxg6 Nxd3 18.Qxh5 Nxb2 19.Bxh6 Bxh6 20.Qxh6 Qg7 21.Qh5 Rf6 {Ponkratov,P (2641)-Theodorou $146 (2577) Warsaw 2021 And now} 22.Ne5 $3 {would have been immensely strong.} ) 9...Nc6 10.O-O b6 {Played after serious thought. The long diagonal is very tempting for the bishop, especially now that the white one is not taking care of the e4-pawn.} ( {However, a more common move is} 10...a6 11.Qd3 Qe7 12.Ng5 Nd4 13.Be3 e5 14.fxe5 dxe5 15.Nd5 Nxd5 16.Rxf8+ Bxf8 17.cxd5 Bh6 18.Nf3 c4 19.Qd2 Bxe3+ 20.Qxe3 Nc2 21.Qb6 Nxa1 {when White did not have enough for the rook in Williams,S (2485)-Jones,G (2576) Sunningdale 2010 (But the caveman attack later succeeded.)} ) 11.Ne1 $146 {And this novelty has been played after an even heavier thought (more than 22 minutes on the clock).} ( {Other moves here are} 11.Kh1 Bb7 12.Be3 Qd7 13.Qd2 Ne7 14.Bd3 d5 15.e5 Ng4 16.Bg1 Bh6 17.Ne2 d4 18.Qe1 Nf5 {and Black did not have anything to complain about in Dubov, D (2660)-Pichot,A (2544) Doha 2016} ) ( {Or} 11.Ng5 Nd4 12.Bd3 Qe7 13.Qe1 Bd7 14.Bd2 Rad8 15.Kh1 Nh5 {with approximate equality in Fridman,D (2637) -Conquest,S (2536) Liverpool 2008} ) ( {And finally, the centralization} 11.Qd3 {Here a nice example of White's attacking possibilities was the following game:} 11...Bb7 12.Ng5 Nd4 13.Qh3 e5 14.Bg4 Bc8 15.Bxc8 Qxc8 16.f5 $1 h6 17.Ne6 Nxe6 18.fxe6 Kh7 19.Bg5 $1 {and White was winning in Kouatly,B (2515)-Minasian,A (2545) Tehran 1992} ) 11...Bb7 {With the white knight away from the g5-square this is more than justified.} ( {Yu's main idea was to meet} 11...e5 $6 {with} 12.f5 $1 ) 12.Be3 ( {White is not prepared for} 12.Bf3 Nd4 13.e5 $2 Nxf3+ 14.Nxf3 Bxf3 15.Qxf3 dxe5 16.fxe5 Qd4+ {the game opened in Black's favor and she is already winning.} ) 12...Nd4 {Krush is comfortably developing and does not experience any problems whatsoever.} 13.Bd3 ( {Of course not} 13.Bxd4 cxd4 14.Qxd4 Nxe4 ) 13...Qe7 {A natural move. The rooks are connected.} ( {But it would have been even more cunning to place the queen on the neighbouring square} 13...Qd7 $5 {when} 14.Nc2 {(What else $2) can be nicely met with} 14...e5 15.fxe5 dxe5 16.Nd5 Bxd5 17.cxd5 Ng4 $1 ) 14.Nc2 Nd7 {Both sides are preparing for the grand central battle.} ( {The drawback of Black's queen development can be seen in the line} 14...e5 15.fxe5 dxe5 16.Bg5 ) 15.Rb1 {Overprotecting the b2-pawn. Yu likely believed that she will have the time to deal once and for all with the active black knight and removed from the scene with Nc3-e2, but that is too slow.} ( {More accurate would have been} 15.Qd2 $1 Rf7 {And now White can launch into complications with} ( 15...a6 16.Rae1 ) 16.Rae1 ( {Or defend the center with} 16.Rf2 Raf8 17.Raf1 ) 16...Raf8 17.f5 $5 ) 15...Rf7 16.Qd2 $1 {Yu is demonstrating her mental power and admits her mistake. Unfortunately for her, this costed her another 11 minutes on the clock.} ( {The planned} 16.Ne2 {would have led White to a bad position after} 16...e5 $1 17.fxe5 Rxf1+ 18.Qxf1 Rf8 19.Qd1 Nxe2+ 20.Bxe2 Bxe5 {and Black is clearly better.} ) 16...Raf8 17.Rbe1 e5 {Krush decided that the time had come.} ( {But she could have further strengthened her position instead with} 17...Bh6 $5 ) ( {Or} 17...Qh4 $5 {trying to provoke a kingside weakness after g2-g3.} ) 18.Nd5 {The most obvious move is not the best one here. Now Black would claim large advantage.} ( {The machine finds the only path} 18.f5 $1 gxf5 19.Bg5 $1 Qe8 ( {Or the beautiful line} 19...Qe6 20.Nxd4 cxd4 21.exf5 dxc3 22.fxe6 Rxf1+ 23.Rxf1 cxd2 24.exd7 Rxf1+ 25.Bxf1 {Which leads to mutual queen promotion} 25...d1=Q 26.d8=Q+ Bf8 27.Qf6 {and a position in which only White can play for the full point.} ) 20.exf5 Nxf5 21.Bxf5 Rxf5 22.Rxf5 Rxf5 23.Nb5 Bf8 24.g4 $1 Rf7 25.Nxd6 Bxd6 26.Qxd6 Rg7 27.h4 {with dynamical equality.} ) 18...Bxd5 19.exd5 ( {Worse is} 19.cxd5 Nxc2 20.Bxc2 exf4 21.Rxf4 Rxf4 22.Bxf4 Bxb2 {when White is down a pawn, and as a compensation is worse strategically.} ) 19...Nxc2 20.Bxc2 exf4 21.Rxf4 {A critical moment.} 21...Rxf4 {Krush chooses a complicated way.} ( {Stronger was the simple-hearted} 21...Bxb2 $1 22.Rxf7 Qxf7 23.Ba4 Bg7 {with Black consolidating her advantage.} ) 22.Bxf4 Bd4+ 23.Kh1 Qf6 ( {Here} 23...Ne5 {at once would have been stronger as Black not afraid of the opposite-colored bishops} 24.Bxe5 ( {And if} 24.g3 {as in the game, Black can do something more useful, like} 24...Qd7 ) 24...Bxe5 {as Black has the more valuable bishop.} ) 24.g3 Ne5 25.Qe2 $1 ( {Yu is correctly avoiding} 25.Bxe5 Bxe5 26.Qe2 Qf2 {which is indeed terrible for White.} ) 25...Bxb2 {Finally Krush won the pawn, but Yu managed to consolidate her position and White's active pieces control a lot of squares.} 26.h4 Bd4 27.Kg2 Qe7 28.Rf1 ( 28.Ba4 $5 {at once would have been more accurate.} ) 28...Qd7 $1 {Immediately trying to capitalize on the inaccuracy.} 29.Bxe5 $1 {Once again Yu demonstrates flexible thinking. So far it has never been a good idea to swap off this bishop for the knight as Black was always enjoying the better bishop and therefore the better attacking chances. But the last few moves have changed the situation and it is White who can start an attack before the opponent in many lines.} 29...Re8 {Krush keeps playing for the win. But this is a blunder, which suddenly leads to...} ( {Objectively best was} 29...Bxe5 30.Rxf8+ Kxf8 31.h5 {when White is out of danger, say} 31...Kg7 ( {Or} 31...Qe8 32.hxg6 hxg6 33.Qg4 ) ( {Or} 31...gxh5 32.Qxh5 ) 32.hxg6 hxg6 33.Qe4 Qf7 34.a4 {at some point the queens will be traded and this would lead to a draw endgame.} ) ( {Definitely not} 29...Rxf1 $2 30.Bxd4 $1 ) 30.Qf3 Bxe5 31.Ba4 {And it all ended with an even bigger blunder. Yu deflected the queen from the defense of the f7-square, that is true, but in time-trouble she forgot that the black queen defends the rook from afar.} ( {After the correct} 31.h5 $1 Qg7 ( {Bad for Black is} 31...g5 32.h6 $1 ) ( {And also bad for Black is} 31...Kg7 32.hxg6 hxg6 33.Qe4 ) 32.hxg6 hxg6 33.Qg4 {it would have been White who is clearly better, likely crushing $1} ) 31...Qxa4 32.Qf7+ Kh8 {Everything is defended and the desperate time-trouble attack does not help.} 33.h5 gxh5 34.Rf5 ( 34.Rh1 Qc2+ ) 34...Bd4 35.Rg5 Qc2+ 36.Kh3 Qe4 37.Rxh5 Qh1+ 38.Kg4 Re4+ 0-1

[Event "U.S. Women's Championship"]
[Site "St Louis"]
[Date "2022.10.19"]
[Round "13.2"]
[White "Cervantes Landeiro, Thalia"]
[Black "Yu, Jennifer"]
[Result "0-1"]
[WhiteElo "2272"]
[BlackElo "2297"]
[EventDate "2022.??.??"]
[Annotator "Bojkov,Dejan"]
[PlyCount "114"]
[Beauty "6530229340681"]
[EventCountry "USA"]
[WhiteTeam "United States"]
[BlackTeam "United States"]
[WhiteTeamCountry "USA"]
[BlackTeamCountry "USA"]

1.d4 Nf6 2.c4 e6 3.Nf3 b6 4.g3 Bb7 5.Bg2 Be7 6.O-O O-O 7.Re1 a5 {A rare continuation, and as GM Krasenkow explained it: \"One of the useful moves. Black waits for Nb1-c3 to reply with ...Nf6-e4.\" It should be added that Rapport likes playing like this and it certainly carried the effect of the surprise.} ( {Another useful move is} 7...Qc8 8.Nc3 Ne4 9.Nxe4 Bxe4 10.Ne5 Bxg2 11.Kxg2 c5 12.Nf3 cxd4 13.Qxd4 Bf6 14.Qe4 Qc6 15.Qxc6 Nxc6 {Matlakov,M (2674)-Andreikin,D (2729) Chess.com 2022} ) 8.Bg5 {Cervantes delays the development of the knight.} 8...Ne4 {But the knight visits the center anyway.} 9.Bxe7 {Played after some hesitation.} ( {The Ukranian GM Moiseenko demonstrated a better treatment of the position with} 9.Nfd2 $1 {Then} 9...f5 ( 9...Bxg5 10.Nxe4 {also looks better for White.} ) 10.Nxe4 fxe4 {Can be met with} ( {Black cannot solve all her problems with} 10...Bxe4 11.Bxe7 Qxe7 12.Bxe4 fxe4 13.Nc3 {and the e4-pawn is vulnerable.} ) 11.Bf4 {White wants to keep more pieces on the board due to her space advantage. Now} 11...d5 {is well met with} ( {But perhaps Yu intended an improvement here with something like} 11...Bf6 $5 ) 12.Bh3 $16 {Moiseenko,A (2673)-Parligras,M (2598) Aix les Bains 2011} ) 9...Qxe7 10.Nfd2 f5 11.Nxe4 fxe4 12.Nc3 d5 13.cxd5 $146 {A logical novelty.} ( {White won seemingly convincingly after} 13.Qb3 a4 14.Nxa4 Qf6 15.e3 Qxf2+ 16.Kh1 dxc4 $2 ( {But instead Black could have opted for} 16...Nd7 $1 {and only White should be worried here.} ) 17.Qxc4 Bd5 18.Qxc7 Rf7 19.Qd8+ Rf8 20.Qd6 Rxa4 21.Rf1 {Loiseau,Q (2443) -Nielsen,R (2339) Zadar 2018} ) 13...exd5 14.Qb3 {But that is premature.} ( {Better was to start at once with} 14.f3 $1 {and only after} 14...e3 15.Qb3 {as now} 15...Qb4 {is met with} 16.f4 {and White has clear play against the opponent's weaknesses.} ) 14...Qb4 {\"I just started feeling pretty good about my position, because this endgame is very comfortable for me. I feel like I can't basically lose it.\" (Yu)} 15.Red1 ( {The daring} 15.Qxb4 axb4 16.Nb5 c6 {looks too risky to be true.} ) 15...Na6 ( {More accurate was} 15...Qxb3 16.axb3 Na6 ) 16.Rac1 {But Cervantes misses her chance.} ( {White could and should have avoided the queen swap with} 16.Qc2 $5 Qd6 17.a3 ) 16...Qxb3 17.axb3 {The endgame is indeed very pleasant for Black and she plays it neatly.} 17...Rad8 $1 {A nice prophylaxis $1} ( {Although the simple} 17...Rae8 18.Nb5 Re7 {looks good too.} ) 18.Nb5 c6 {The d6-point is covered and the knight needs to retreat ingloriously.} 19.Nc3 Nb4 20.Na4 Ba6 {Everything is coming just in time and Yu keeps the opponent's counterplay under a lid.} 21.Bf1 ( {Black is also much better after} 21.Nxb6 Bxe2 22.Rd2 Bb5 ) ( {But perhaps} 21.Rd2 Rb8 22.Rc3 {In order to prepare to organize some counterplay was White's best try. True, even here} 22...Bc8 $5 23.f3 exf3 {followed by Bc8-f5 at some point would have been very pleasant for the second player.} ) 21...Rb8 22.Kg2 g5 $1 {After putting everything in order on the queenside, Yu indicates where she will really like to attack. The half-open file as well as the space advantage will help her in the quest.} 23.e3 ( 23.f3 e3 {is too bishop-sad.} ) 23...Bd3 {A small slip that allows Cervantes one more chance to complicate her opponent's task.} ( {More determined was} 23...Bxf1+ $1 24.Rxf1 Rf3 ) 24.Rd2 {Missing it.} ( {White should have used the fact that the Nb4 has too many obligations at the moment and opted for} 24.Bxd3 $1 exd3 ( 24...Nxd3 25.Rxc6 ) 25.Nc3 {It is much more difficult for Black here to break through.} ) 24...Rf6 $1 {Protecting the c6-pawn $1} 25.Kg1 Kf7 26.Bxd3 Nxd3 27.Rf1 Rf3 $1 {No more counterplay. Yu fixed a large advantage, the position is very one-sided and nevertheless, watching the young American's technique is pleasant and instructive.} 28.Rc2 Nb4 29.Rd2 Ke7 $1 {Sending the weaker piece for the defense and thus releasing the more valuable attackers.} ( 29...h5 $5 {to open up the kingside at once would have been the aggressive method.} ) 30.Rc1 Kd6 31.Rf1 Kc7 {The rook is released. Yu knows she has no reason to hurry as she is strategically winning.} 32.Nc3 Rbf8 33.Ne2 h5 34.Kg2 c5 {Time to bring her majority into motion.} ( {If} 34...h4 35.Ng1 ) 35.h4 {This only makes things easier for Black.} ( 35.Nc3 Kc6 $1 ) 35...gxh4 36.gxh4 Rg8+ 37.Ng3 Rg4 38.Rh1 Kd6 39.dxc5+ bxc5 40.Ra1 Nc6 {The last move before the time control is a safe one.} ( {Instead} 40...Nd3 $1 {was winning at once with the idea} 41.Rxa5 ( {And if} 41.Rxd3 Rfxg3+ 42.fxg3 exd3 ) 41...Nxf2 42.Rxf2 Rgxg3+ 43.Kf1 Rxe3 ) 41.Rc1 d4 {Energetic, and not optimal this time.} ( {Some more preparation would have been more appropriate, like} 41...Ne7 $1 ) ( {Or} 41...Nb4 $1 ) 42.exd4 ( {In her preliminary calculations Yu saw White's best move} 42.Rc3 $1 {but missed the tricky} 42...d3 $2 ( {Still, after} 42...Rf7 $1 {Blakc would have been much better.} ) 43.Rcxd3+ $1 exd3 44.Kxf3 ) 42...cxd4 43.Rc4 ( {Now} 43.Rc3 {loses to} 43...d3 $1 ) 43...d3 44.Ra4 Ne5 45.Rxa5 Ng6 {The safest.} ( {Black avoids both} 45...e3 46.Rxd3+ ) ( {And} 45...Rfxg3+ 46.fxg3 e3 47.Rxd3+ Nxd3 48.Kf3 ) 46.Ra6+ Kc7 47.Ra4 Nxh4+ 48.Kh3 Nf5 49.Rc4+ Kd6 50.Kh2 Nxg3 51.fxg3 Kd5 52.Ra4 Rgxg3 53.Ra5+ Kd4 54.Rxh5 Ke3 55.Rd1 Ke2 56.Ra1 d2 57.Rh4 e3 0-1

[Event "Chess.com Global Championship 2022 - Fi"]
[Site "Chess.com"]
[Date "2022.11.02"]
[Round "4"]
[White "Nakamura, Hikaru"]
[Black "Duda, Jan Krzysztof"]
[Result "1-0"]
[WhiteElo "2768"]
[BlackElo "2731"]
[EventDate "2022.??.??"]
[Annotator "rafael"]
[PlyCount "63"]
[Beauty "8247679390217"]
[EventType "team-tourn"]
[TimeControl "900+2"]

1.e4 e5 2.Nf3 Nc6 3.Bb5 Nf6 4.d3 Bc5 5.c3 d5 ( 5...O-O {This move is more popular and is usually Nakamura's choice when playing the black side of this variation. Duda, however, has played 5...d5 a few times before.} ) 6.exd5 Qxd5 7.Bc4 Qd6 8.Nbd2 Bf5 9.b4 ( 9.Qe2 {was played in Hansen-Duda, Oslo (rapid) 2022.} ) 9...Bb6 10.Ng5 {Now the game takes on a forcing character and simplifications are inevitable. All is still well-known for both players.} 10...O-O 11.Nde4 Nxe4 12.dxe4 Qxd1+ 13.Kxd1 Bg4+ 14.Kc2 h6 15.Nf3 {White sacrifices a pawn but expects good compensation thanks to the bishop pair. The bishop on c4 is particularly dangerous.} 15...Bxf2 {Here or on the next move, Black could capture the knight on f3, avoiding the novelty that will be played by Nakamura. This has been tried before and White has managed to get adequate compensation, though it's not entirely clear that it's enough for the advantage. Anyway, it's clear that the move played in the game is superior.} ( 15...Bxf3 16.gxf3 Bxf2 17.Rf1 Bh4 18.a4 {Matlakov - Goryachkina, Ufa 2021.} ) 16.Rf1 Bb6 17.a4 a6 18.Nh4 $1 {Here's Nakamura's opening novelty. As usual, the computer is able to find equality, but the task is not easy when you are surprised in the game. It's no wonder that Duda now spent about 3 minutes and played an inaccuracy.} ( 18.Ba3 Rfe8 $1 {No fear of leaving the f7-pawn unprotected.} 19.Rad1 Be6 20.Bxe6 Rxe6 {was OK for Black in Grandelius - Duda, Aimchess Rapid 2022.} ) 18...Nd8 $6 {After this move White has the advantage.} ( 18...Be6 {I believe this is the most practical solution.} 19.Bxe6 fxe6 20.Nf3 ( 20.Ba3 $2 Rf4 $1 {and Black has the advantage.} ) 20...Nd8 $5 {Other moves are also possible, but I like this one, taking the knight to f7. Black is close to equality.} ( 20...Ne7 ) ( 20...Rf6 ) ) 19.a5 Ba7 20.Nf5 Ne6 $2 {Now White has a tactical chance.} ( 20...Re8 {is better, although White has a very pleasant compensation for the pawn.} ) 21.Bxh6 $1 {Nakamura never misses these tactical shots.} 21...Bxf5 ( 21...gxh6 22.Nxh6+ Kg7 23.Nxg4 ) 22.exf5 gxh6 23.fxe6 fxe6 24.Bxe6+ Kg7 25.Rad1 {As is well-known, bishops of opposite colors usually offer good chances of a draw in endgames, but interestingly here Black's position is lost. This is mainly due to the pawn structure, as we will see in some moves.} 25...Rxf1 ( 25...Kg6 26.Rxf8 Rxf8 27.Rd7 Bb8 28.Bd5 {The position is winning for White. Poor b8-bishop.} ) 26.Rxf1 Rf8 {This is forced, otherwise White invades the seventh rank. But now the real problem of the position appears...} 27.Rxf8 Kxf8 28.Bc8 $1 {White gains a pawn on the queenside. Often a pawn advantage is not enough to win in opposite-colored bishop positions, but here it's important to note the pawn structure on the kingside as well. White manages to create passed pawns on both sides of the board and this is fatal.} 28...b6 29.Bxa6 c5 ( 29...bxa5 30.bxa5 {And after stabilizing the position and advancing the kingside, White wins easily, for example:} 30...e4 31.Bb7 e3 32.Kd3 Ke7 33.Ke2 Kf6 34.Kf3 Ke5 35.Ba6 Bc5 36.Bd3 Ba7 37.a6 Bb6 38.g4 Ba7 39.h4 {and so on.} ) 30.Bb5 cxb4 31.a6 $1 bxc3 32.g4 {White will capture the c3-pawn, advance the pawns on the kingside, and march with the king to the queenside.} 1-0